| 000 | 00961nac a22002891i 4500 | ||
|---|---|---|---|
| 003 | EG-ScBUE | ||
| 005 | 20240807114423.0 | ||
| 008 | 240807s1998 ua ab f b 001 0 eng d | ||
| 020 | _a977424494X | ||
| 035 | _a(DLC) 2002360696 | ||
| 040 |
_aEG-ScBUE _beng _erda _cEG-ScBUE _dEG-ScBUE |
||
| 043 | _af-ua--- | ||
| 082 | 0 | 4 |
_a932 _bSIL _222 |
| 100 | 1 |
_aSiliotti, Alberto, _eauthor. |
|
| 245 | 1 | 4 |
_aThe discovery of ancient Egypt / _c[Alberto Siliotti] |
| 264 | 1 |
_aCairo : _bAmerican University in Cairo Press, _c1998. |
|
| 300 |
_a359 pages : _bcolor illustrations, maps ; _c37 cm |
||
| 336 |
_2rdacontent _atext _btxt |
||
| 337 |
_aunmediated _2rdamedia _bn |
||
| 338 |
_avolume _bnc _2rdacarrier |
||
| 504 | _aIncludes bibliographical references and index. | ||
| 650 | 7 |
_aTravelers _zEgypt _xHistory. _2BUEsh |
|
| 651 | 7 |
_aEgypt _xAntiquities. _2BUEsh |
|
| 651 | 7 |
_aEgypt _xDescription and travel. _2BUEsh |
|
| 655 | _vReading book | ||
| 942 |
_cNB _2ddc |
||
| 999 |
_c2751 _d2751 |
||